[Event "OLNN 1617 Agon Neumünster - SF Schweri"]
[Site "?"]
[Date "2016.12.04"]
[Round "3.3"]
[White "de Jong, Migchiel"]
[Black "Wulf von Moers, Jens"]
[Result "1/2-1/2"]
[WhiteElo "2331"]
[BlackElo "2182"]
[PlyCount "183"]
[EventDate "2016.??.??"]

1. e4 d6 2. d4 Nf6 3. Nc3 e5 4. Nf3 Nbd7 5. Bc4 Be7 6. O-O O-O 7. Re1 c6 8. a4
a5 9. h3 Nb6 10. Ba2 Nfd7 11. Be3 exd4 12. Qxd4 Nc5 13. Rad1 Be6 14. Bxe6 fxe6
15. b3 Nbd7 16. Qc4 Qe8 17. Nd4 Qf7 18. Qe2 Rae8 19. f4 Bf6 20. Rf1 Qe7 21. Qd2
g6 22. Nde2 d5 23. e5 Bg7 24. Nd4 g5 25. Rde1 Kh8 26. f5 Bxe5 27. Bxg5 Qd6 28.
fxe6 Nxe6 29. Rxf8+ Ndxf8 30. Be3 Qb4 31. Bf2 Bg7 32. Nb1 Qxd2 33. Nxd2 Kg8 34.
N2f3 Nc7 35. Bg3 Nfe6 36. Nf5 Bc3 37. Re3 Bb4 38. Kh2 Bc5 39. Re2 Bf8 40. Nd6
Bxd6 41. Bxd6 Ng7 42. Ne5 Nce6 43. Ng4 Kf7 44. Rf2+ Kg6 45. Rf6+ Kg5 46. Rf7 h5
47. Ne5 Nf5 48. h4+ Nxh4 49. Rxb7 Nf5 50. Nf3+ Kg6 51. Be5 Ne3 52. Bc3 Nxc2 53.
Ne5+ Kf5 54. Nxc6 Ke4 55. Bxa5 d4 56. Rb5 Nf4 57. Bd2 Ne3 58. g3 Nf1+ 59. Kg1
Nxd2 60. gxf4 Nf3+ 61. Kf2 Rc8 62. Nb4 Rh8 63. Rb7 h4 64. Re7+ Kxf4 65. Rf7+
Ke4 66. Rxf3 h3 67. Ke2 h2 68. Nd3 h1=Q 69. Nf2+ Ke5 70. Nxh1 Rxh1 71. Kd3 Rb1
72. Kc2 Rh1 73. a5 Ke4 74. Rd3 Ra1 75. b4 Kd5 76. Rd1 Ra3 77. Kb2 Rh3 78. a6
Kc4 79. a7 Rh8 80. Ka3 Ra8 81. Rc1+ Kb5 82. Rc5+ Kb6 83. Rd5 Rxa7+ 84. Kb3 Rh7
85. Rxd4 Kb7 86. Kc4 Rh6 87. b5 Rg6 88. Kb4 Rh6 89. Ka5 Rg6 90. Rd7+ Kb8 91. b6
Rg1 92. Rd8+ 1/2-1/2

[Event "OLNN 1617 Agon Neumünster - SF Schweri"]
[Site "?"]
[Date "2016.12.04"]
[Round "3.4"]
[White "Ressler, Eckart"]
[Black "Schulz, Karsten"]
[Result "1/2-1/2"]
[WhiteElo "2207"]
[BlackElo "2338"]
[PlyCount "82"]
[EventDate "2016.??.??"]

1. b3 b6 2. Bb2 Bb7 3. e3 e6 4. f4 Nf6 5. Nf3 g6 6. g3 Bg7 7. Bg2 O-O 8. O-O d6
9. Qe2 Qe7 10. d3 Nbd7 11. Nbd2 e5 12. Rae1 Rfe8 13. fxe5 dxe5 14. Ng5 Bxg2 15.
Qxg2 h6 16. Nge4 Nxe4 17. Qxe4 Rad8 18. Re2 f5 19. Qc4+ Kh7 20. e4 f4 21. gxf4
exf4 22. Bxg7 Kxg7 23. Qxc7 Rc8 24. Qxf4 Rxc2 25. d4 Rxa2 26. e5 Rf8 27. Qe4
Qg5+ 28. Rg2 Rxf1+ 29. Kxf1 Qh5 30. Nf3 Ra1+ 31. Kf2 Ra2+ 32. Kg3 Rxg2+ 33.
Kxg2 g5 34. Qb7 Qg4+ 35. Kf2 Qf5 36. e6 Qxe6 37. Ne5 Qf5+ 38. Ke2 Qc2+ 39. Ke3
Qxb3+ 40. Ke4 Qb1+ 41. Ke3 Qb3+ 1/2-1/2

[Event "OLNN 1617 Agon Neumünster - SF Schweri"]
[Site "?"]
[Date "2016.12.04"]
[Round "3.5"]
[White "Wolf, Christoph"]
[Black "Menzel, Ralf"]
[Result "1-0"]
[WhiteElo "2159"]
[BlackElo "2209"]
[PlyCount "85"]
[EventDate "2016.??.??"]

1. e4 g6 2. Nc3 Bg7 3. d4 d6 4. Be2 a6 5. a4 Nd7 6. Be3 c5 7. Nf3 Ngf6 8. d5
Qc7 9. O-O O-O 10. Nd2 e5 11. dxe6 fxe6 12. Nc4 Ne8 13. Qd2 b6 14. Rfd1 Bb7 15.
Bg4 Ne5 16. Bxe6+ Kh8 17. Nxe5 Bxe5 18. Nd5 Bxd5 19. Bxd5 Rd8 20. c3 Nf6 21.
Qe2 Nxd5 22. Rxd5 Qb7 23. Qg4 Qd7 24. Qxd7 Rxd7 25. Rad1 Rb7 26. Bh6 Re8 27. f4
Bg7 28. Bxg7+ Kxg7 29. e5 dxe5 30. fxe5 Rf7 31. Rf1 Rxf1+ 32. Kxf1 Kf7 33. Ke2
Ke6 34. Rd6+ Kxe5 35. Rxb6 c4 36. Rxa6 Kf4+ 37. Kd2 Rd8+ 38. Kc2 Ke3 39. Re6+
Kf2 40. Re4 Kxg2 41. Rxc4 g5 42. Rg4+ Kxh2 43. Rxg5 1-0

[Event "OLNN 1617 Agon Neumünster - SF Schweri"]
[Site "?"]
[Date "2016.12.04"]
[Round "3.6"]
[White "Neumann, Joachim"]
[Black "Grahl, Arvid"]
[Result "*"]
[WhiteElo "2065"]
[BlackElo "2198"]
[PlyCount "46"]
[EventDate "2016.??.??"]

1. c4 g6 2. g3 Bg7 3. Bg2 c5 4. Nc3 Nc6 5. e4 d6 6. d3 Nf6 7. Nge2 O-O 8. O-O
a6 9. h3 Ne8 10. Be3 Nd4 11. Rb1 Nc7 12. b4 Nce6 13. bxc5 Nxe2+ 14. Nxe2 dxc5
15. Nf4 Nd4 16. Nd5 b5 17. e5 Bxe5 18. Bxd4 Bxd4 19. Nxe7+ Qxe7 20. Bxa8 Bxh3
21. Bg2 Be6 22. cxb5 axb5 23. Rxb5 Bxa2 *

[Event "OLNN 1617 Agon Neumünster - SF Schweri"]
[Site "?"]
[Date "2016.12.04"]
[Round "3.7"]
[White "Heinsohn, Wilfried"]
[Black "Grohde, Wolfgang"]
[Result "1/2-1/2"]
[WhiteElo "2165"]
[BlackElo "2080"]
[PlyCount "57"]
[EventDate "2016.??.??"]

1. e4 c5 2. c3 d5 3. exd5 Qxd5 4. d4 g6 5. dxc5 Qxc5 6. Nf3 Bg7 7. Be2 Nf6 8.
O-O O-O 9. Na3 a6 10. Nc4 Qc7 11. a4 Be6 12. Ne3 Rd8 13. Nd4 Bc8 14. Qc2 e5 15.
Nf3 Nc6 16. Ng5 h6 17. Ne4 Nxe4 18. Qxe4 Be6 19. Bc4 Bxc4 20. Qxc4 Rd7 21. Nc2
Qd8 22. Be3 Rc8 23. Qe2 Ne7 24. Rad1 Rc6 25. Nb4 Rcd6 26. Rxd6 Rxd6 27. Bc5 Rd7
28. Bxe7 Qxe7 29. Rd1 1/2-1/2

[Event "OLNN 1617 Agon Neumünster - SF Schweri"]
[Site "?"]
[Date "2016.12.04"]
[Round "3.8"]
[White "Maass, Joerg"]
[Black "Roehl, Rainer"]
[Result "1-0"]
[WhiteElo "2140"]
[BlackElo "2134"]
[PlyCount "63"]
[EventDate "2016.??.??"]

1. d4 Nf6 2. c4 e6 3. Nc3 Bb4 4. Qc2 b6 5. e4 Bb7 6. Bd3 e5 7. d5 Be7 8. a3 a5
9. Rb1 d6 10. Nge2 h5 11. O-O h4 12. b4 Nbd7 13. Bd2 Nh5 14. g3 Bg5 15. c5 dxc5
16. bxc5 Nxc5 17. Bb5+ Kf8 18. f4 exf4 19. gxf4 Be7 20. Be3 Qc8 21. f5 Nf6 22.
Rbd1 Bd6 23. Bd4 Ng4 24. Qd2 Bxh2+ 25. Kh1 Be5 26. Qg5 Bxd4 27. Nxd4 Nf6 28.
Ne6+ fxe6 29. fxe6 Rh6 30. Rg1 Rh7 31. Rdf1 Qd8 32. Qg6 1-0

[Event "OLNN 1617 SC Diogenes - Schachfreunde H"]
[Site "?"]
[Date "2016.12.04"]
[Round "3.1"]
[White "Sawatzki, Frank"]
[Black "Hochgraefe, Markus"]
[Result "1-0"]
[WhiteElo "2346"]
[BlackElo "2400"]
[PlyCount "107"]
[EventDate "2016.??.??"]

1. e4 e6 2. d4 d5 3. Nc3 Bb4 4. e5 c5 5. Bd2 Ne7 6. a3 Bxc3 7. Bxc3 b6 8. Bb5+
Bd7 9. Bd3 Nbc6 10. f4 c4 11. Be2 Nf5 12. g3 b5 13. Qd2 a5 14. b4 axb4 15. axb4
Ra4 16. Nf3 O-O 17. O-O Qb6 18. g4 Nfe7 19. Nh4 Rfa8 20. Kh1 Rxa1 21. Bxa1 Ra2
22. Bc3 Qd8 23. Ng2 h6 24. Bd1 Qf8 25. Ne3 f5 26. exf6 Qxf6 27. Qg2 Ra3 28. Qd2
Ra2 29. Kg1 Qg6 30. h4 h5 31. f5 exf5 32. g5 Qd6 33. Bxh5 Ra3 34. Ng2 g6 35.
Bd1 Ra4 36. Nf4 Nxb4 37. Bxb4 Rxb4 38. Bf3 Rb2 39. Re1 b4 40. Qe3 Kf8 41. Qxe7+
Qxe7 42. Nxg6+ Kg7 43. Rxe7+ Kxg6 44. Bxd5 Ba4 45. Bf7+ Kg7 46. Bxc4+ Kg6 47.
Bf7+ Kg7 48. Bb3+ Kf8 49. Rf7+ Kg8 50. Be6 Bxc2 51. Rc7+ Kf8 52. g6 Be4 53. g7+
Ke8 54. g8=Q# 1-0

[Event "OLNN 1617 SC Diogenes - Schachfreunde H"]
[Site "?"]
[Date "2016.12.04"]
[Round "3.2"]
[White "Schulenburg, Fabian"]
[Black "Bokelbrink, Uwe"]
[Result "1-0"]
[WhiteElo "2223"]
[BlackElo "2314"]
[PlyCount "55"]
[EventDate "2016.??.??"]

1. e4 d6 2. d4 g6 3. g3 Bg7 4. Bg2 c6 5. Ne2 h5 6. h3 e5 7. O-O Qb6 8. c3 Be6
9. Na3 Ne7 10. b3 Qc7 11. f4 f5 12. exf5 gxf5 13. fxe5 dxe5 14. Nc4 Nd7 15.
Nxe5 Nxe5 16. dxe5 Bxe5 17. Nf4 Bf7 18. Ba3 h4 19. Bxe7 Kxe7 20. Qd3 Bxf4 21.
Rxf4 Be6 22. Re1 Raf8 23. Qe3 Qb6 24. Rd4 Rf6 25. Qg5 Kf7 26. Kh1 hxg3 27. Qxg3
Bd5 28. Rxd5 1-0

[Event "OLNN 1617 SC Diogenes - Schachfreunde H"]
[Site "?"]
[Date "2016.12.04"]
[Round "3.3"]
[White "Ritscher, Jan-Paul"]
[Black "Korba, Roman"]
[Result "1/2-1/2"]
[WhiteElo "2252"]
[BlackElo "2215"]
[PlyCount "122"]
[EventDate "2016.??.??"]

1. d4 d5 2. Bf4 e6 3. e3 Bd6 4. Bg3 Nf6 5. Nd2 Nc6 6. Ngf3 O-O 7. c3 Re8 8. Ne5
Bd7 9. Bd3 a6 10. O-O Ne7 11. Qe2 Ng6 12. Rad1 Qe7 13. h4 Bb5 14. Bxb5 axb5 15.
Qxb5 Nh5 16. Nxg6 fxg6 17. Bxd6 cxd6 18. c4 Qxh4 19. cxd5 Qg5 20. Ne4 Qxd5 21.
Qxd5 exd5 22. Nc3 Nf6 23. a3 Rec8 24. f3 Rc4 25. Kf2 b5 26. Ke2 b4 27. Nb5 bxa3
28. bxa3 Ra5 29. Nxd6 Rc6 30. Nb7 Rxa3 31. Nc5 Rb6 32. Rd2 h5 33. Rc1 g5 34.
Kf2 Kh7 35. e4 dxe4 36. Nxe4 g4 37. Rc5 Kh6 38. d5 gxf3 39. gxf3 Rbb3 40. Nxf6
Rxf3+ 41. Ke2 Rae3+ 42. Kd1 Rf1+ 43. Kc2 Rxf6 44. d6 Re8 45. Kc3 Rd8 46. Rcd5
h4 47. Kc4 g5 48. d7 Rf7 49. Kc5 Kh5 50. Kc6 h3 51. Kc7 Rdxd7+ 52. Rxd7 Rxd7+
53. Kxd7 Kg4 54. Ke6 Kf4 55. Rd4+ Ke3 56. Rd1 Kf4 57. Rf1+ Kg3 58. Kf5 Kg2 59.
Ra1 h2 60. Kxg5 h1=Q 61. Rxh1 Kxh1 1/2-1/2

[Event "OLNN 1617 SC Diogenes - Schachfreunde H"]
[Site "?"]
[Date "2016.12.04"]
[Round "3.4"]
[White "Schulenburg, Torben"]
[Black "Hermesmann, Hans"]
[Result "1/2-1/2"]
[WhiteElo "2135"]
[BlackElo "2284"]
[PlyCount "102"]
[EventDate "2016.??.??"]

1. d4 e6 2. c4 Nf6 3. g3 c5 4. d5 exd5 5. cxd5 d6 6. Nc3 g6 7. Bg2 Bg7 8. Nf3
O-O 9. O-O a6 10. a4 Nbd7 11. Nd2 Rb8 12. Nc4 Nb6 13. Na3 Bd7 14. h3 Re8 15.
Re1 Nc8 16. Rb1 Qc7 17. Bd2 Na7 18. b4 b5 19. axb5 Nxb5 20. Naxb5 Bxb5 21. Nxb5
Rxb5 22. bxc5 Rxc5 23. Bb4 Rb5 24. Ba3 Reb8 25. Rxb5 axb5 26. Qd2 Nd7 27. Rc1
Nc5 28. Bb4 Qa7 29. Qc2 Rc8 30. e3 Rc7 31. Qb1 Bf8 32. Bf1 Qb7 33. Ba5 Rc8 34.
Qxb5 Qxd5 35. Bg2 Qa2 36. Rd1 Qc2 37. Bf3 Ne4 38. Qe2 Qa4 39. Bxe4 Qxa5 40. Bd5
Rc7 41. Qf3 Bg7 42. Rb1 Qa7 43. Qe4 Re7 44. Qc4 Rc7 45. Qb5 Rc8 46. h4 Bf6 47.
h5 Kg7 48. Qb7 Rc7 49. Qxa7 Rxa7 50. Rb6 Be7 51. hxg6 hxg6 1/2-1/2

[Event "OLNN 1617 SC Diogenes - Schachfreunde H"]
[Site "?"]
[Date "2016.12.04"]
[Round "3.5"]
[White "Kluenger, Marc"]
[Black "Stephan, Axel"]
[Result "1/2-1/2"]
[WhiteElo "2230"]
[BlackElo "2239"]
[PlyCount "138"]
[EventDate "2016.??.??"]

1. Nf3 g6 2. c4 Bg7 3. Nc3 e5 4. g3 Ne7 5. Bg2 c5 6. a3 a5 7. Rb1 Nbc6 8. O-O
d6 9. d3 h6 10. Ne1 O-O 11. Nc2 b6 12. b4 Ra7 13. Bd2 Be6 14. Nd5 axb4 15. axb4
Bxd5 16. cxd5 Nd4 17. e3 Nxc2 18. Qxc2 Qc7 19. Qc4 Rfa8 20. Rfc1 Ra2 21. Bc3
Qd7 22. bxc5 bxc5 23. Rb6 Nc8 24. Rb5 R8a4 25. Qb3 R4a3 26. Qb1 Ra7 27. Rb8 Kh7
28. Rc2 Rxc2 29. Qxc2 Rb7 30. Rxb7 Qxb7 31. Qa4 Na7 32. Qe8 Qb1+ 33. Bf1 Qb3
34. Qxf7 Qxc3 35. Qxa7 e4 36. dxe4 Qe5 37. Qa4 h5 38. h4 Qb2 39. Qd7 Qe5 40.
Be2 Qa1+ 41. Kg2 Qe5 42. Qa4 Qb2 43. Qa6 Qe5 44. Bd3 Qc3 45. Bb1 Qb2 46. Bd3
Qc3 47. Qb5 Qe5 48. Qb1 Qb2 49. Qd1 Qa1 50. Qe2 Qb2 51. Bc2 Kh6 52. f4 Qc3 53.
Kh2 Bf6 54. Kh3 Qa1 55. Kg2 Qc3 56. Kf3 Qa1 57. Kg2 Qc3 58. Kh3 Qa1 59. Bd1 Qc3
60. g4 Bd4 61. gxh5 Bxe3 62. Kg4 Qd4 63. Kf3 Bc1 64. hxg6 Qf6 65. Kg2 Qxg6+ 66.
Kh3 Bxf4 67. Qf3 Be5 68. Qe3+ Kg7 69. Bg4 Qh6 1/2-1/2

[Event "OLNN 1617 SC Diogenes - Schachfreunde H"]
[Site "?"]
[Date "2016.12.04"]
[Round "3.6"]
[White "Gottuk, Stefan"]
[Black "Jaeckle, Marco"]
[Result "1/2-1/2"]
[WhiteElo "2183"]
[BlackElo "2216"]
[PlyCount "47"]
[EventDate "2016.??.??"]

1. e4 e6 2. d4 d5 3. Nc3 Nf6 4. Bg5 h6 5. Bxf6 Qxf6 6. exd5 Bb4 7. Bb5+ c6 8.
dxc6 bxc6 9. Be2 O-O 10. a3 Ba5 11. Nf3 Rd8 12. b4 Bb6 13. Ne4 Qf4 14. Nc5 Bxc5
15. bxc5 e5 16. c3 exd4 17. cxd4 Bg4 18. O-O Bxf3 19. Bxf3 Rxd4 20. Qc1 Qf6 21.
Qe3 Na6 22. Bxc6 Rad8 23. Bf3 Nxc5 24. Rac1 1/2-1/2

[Event "OLNN 1617 SC Diogenes - Schachfreunde H"]
[Site "?"]
[Date "2016.12.04"]
[Round "3.7"]
[White "Kull, Florian"]
[Black "Laqua, Christian"]
[Result "1/2-1/2"]
[WhiteElo "2180"]
[BlackElo "2121"]
[PlyCount "84"]
[EventDate "2016.??.??"]

1. c4 e5 2. Nc3 d6 3. g3 f5 4. Bg2 Nf6 5. Nf3 Be7 6. O-O O-O 7. d4 e4 8. Ne1 c6
9. d5 Na6 10. Rb1 Nc7 11. Nc2 cxd5 12. cxd5 Qe8 13. f3 exf3 14. exf3 Qf7 15. f4
Re8 16. Nd4 Bf8 17. Qd3 g6 18. Bd2 Bd7 19. Rfe1 Rxe1+ 20. Rxe1 Re8 21. Qc4
Rxe1+ 22. Bxe1 Qe7 23. Bf2 Nfe8 24. Qb3 Bc8 25. Ndb5 Nxb5 26. Nxb5 a6 27. Na7
Qc7 28. Nxc8 Qxc8 29. Qc3 Qxc3 30. bxc3 Nf6 31. Kf1 Bg7 32. c4 Nd7 33. Bf3 Bc3
34. Ke2 Bb4 35. g4 Kf7 36. gxf5 gxf5 37. Bh5+ Kf8 38. Bd4 Ba3 39. Kf2 Bc5 40.
Ke3 Ke7 41. Kd3 Bxd4 42. Kxd4 Nc5 1/2-1/2

[Event "OLNN 1617 SC Diogenes - Schachfreunde H"]
[Site "?"]
[Date "2016.12.04"]
[Round "3.8"]
[White "Woelk, Tom-Frederic"]
[Black "Zimmermann, Martin"]
[Result "1/2-1/2"]
[WhiteElo "1921"]
[BlackElo "2149"]
[PlyCount "28"]
[EventDate "2016.??.??"]

1. e4 c6 2. Nc3 d6 3. d4 g6 4. Be3 Bg7 5. Qd2 Qc7 6. f3 h5 7. h4 Nf6 8. Nh3
Bxh3 9. Rxh3 Nbd7 10. O-O-O a6 11. f4 Ng4 12. Bg1 Bh6 13. d5 c5 14. Be2 Ndf6
1/2-1/2

[Event "OLNN 1617 SSC Rostock - Königsspringer"]
[Site "?"]
[Date "2016.12.04"]
[Round "3.1"]
[White "Lamprecht, Frank"]
[Black "Brynell, Stellan"]
[Result "1/2-1/2"]
[WhiteElo "2387"]
[BlackElo "2448"]
[PlyCount "33"]
[EventDate "2016.??.??"]

1. d4 Nf6 2. Nf3 e6 3. e3 d5 4. Be2 c5 5. O-O Nc6 6. c4 dxc4 7. dxc5 Qxd1 8.
Rxd1 Bxc5 9. Bxc4 O-O 10. a3 b6 11. b4 Be7 12. Bb2 Bb7 13. Nc3 Rfd8 14. Bb3 Kf8
15. Rxd8+ Rxd8 16. Rd1 Rxd1+ 17. Bxd1 {(=)} 1/2-1/2

[Event "OLNN 1617 SSC Rostock - Königsspringer"]
[Site "?"]
[Date "2016.12.04"]
[Round "3.2"]
[White "Rudolf, Henrik"]
[Black "Pfreundt, Jakob"]
[Result "1/2-1/2"]
[WhiteElo "2345"]
[BlackElo "2327"]
[PlyCount "148"]
[EventDate "2016.??.??"]

1. e4 e5 2. Nf3 Nc6 3. Bb5 a6 4. Ba4 Nf6 5. O-O Be7 6. Re1 b5 7. Bb3 d6 8. c3
O-O 9. h3 Re8 10. d4 Bb7 11. Nbd2 exd4 12. cxd4 Nd7 13. a3 Bf6 14. Nf1 Na5 15.
Bc2 c5 16. b4 cxd4 17. Nxd4 Qb6 18. bxa5 Qxd4 19. Ra2 Nc5 20. Qxd4 Bxd4 21. Rd1
Bc3 22. Bd2 Bxd2 23. Nxd2 Bxe4 24. Nxe4 Nxe4 25. Bxe4 Rxe4 26. a4 Rxa4 27. Rxa4
bxa4 28. Ra1 Rb8 29. Rxa4 d5 30. Kf1 Rb2 31. Rd4 Rb5 32. Ra4 Kf8 33. Ke2 Ke7
34. Ra2 Rb3 35. Kd2 Kd6 36. Kc2 Rb4 37. Kd3 h5 38. Kc3 Kc5 39. Kd3 Rb3+ 40. Ke2
g5 41. Rc2+ Kd6 42. Rc8 Ra3 43. Rh8 f6 44. Rxh5 Rxa5 45. f4 gxf4 46. h4 Ke6 47.
Rh8 Kf5 48. h5 Ra2+ 49. Kf3 Ra3+ 50. Kf2 Kg4 51. h6 Ra2+ 52. Kg1 Kg5 53. h7 Kg6
54. Rf8 Kxh7 55. Rxf6 Ra4 56. Rd6 Kg7 57. Kf2 Ra3 58. Rxd5 Kf6 59. Rc5 Ke6 60.
Rh5 a5 61. Rc5 Kd6 62. Rf5 Ra4 63. Ke2 Kc6 64. Kf2 Kb6 65. Rf6+ Kc5 66. Rf5+
Kc6 67. Ke2 Ra2+ 68. Kf3 Ra1 69. Kf2 Ra4 70. Ke2 Kd6 71. Kf2 Ke7 72. Kf3 Ke6
73. Rc5 Kf6 74. Rd5 Ke6 1/2-1/2

[Event "OLNN 1617 SSC Rostock - Königsspringer"]
[Site "?"]
[Date "2016.12.04"]
[Round "3.3"]
[White "Zimmermann, Julian"]
[Black "Jaster, Robert"]
[Result "1/2-1/2"]
[WhiteElo "2294"]
[BlackElo "2276"]
[PlyCount "63"]
[EventDate "2016.??.??"]

1. e4 c6 2. d4 d5 3. Nd2 dxe4 4. Nxe4 Bf5 5. Ng3 Bg6 6. Nf3 Nd7 7. h4 h6 8. h5
Bh7 9. Bd3 Bxd3 10. Qxd3 e6 11. Bd2 Ngf6 12. O-O-O Be7 13. Ne4 Nxe4 14. Qxe4
Nf6 15. Qe2 Qd5 16. c4 Qe4 17. Qxe4 Nxe4 18. Be3 f5 19. Nd2 Nxd2 20. Rxd2 O-O
21. g3 Rad8 22. Rhd1 a6 23. d5 exd5 24. cxd5 cxd5 25. Rxd5 Rxd5 26. Rxd5 Bg5
27. f4 Bf6 28. b3 Rd8 29. Rxf5 Rd3 30. Bf2 Rf3 31. Be1 Bc3 32. Bxc3 1/2-1/2

[Event "OLNN 1617 SSC Rostock - Königsspringer"]
[Site "?"]
[Date "2016.12.04"]
[Round "3.4"]
[White "Pererva, Viktor"]
[Black "Harder, Clemens"]
[Result "1-0"]
[WhiteElo "2072"]
[BlackElo "2196"]
[PlyCount "91"]
[EventDate "2016.??.??"]

1. e4 e5 2. Nf3 Nc6 3. Bb5 a6 4. Ba4 d6 5. c3 Bd7 6. O-O Nge7 7. d4 Ng6 8. dxe5
dxe5 9. Be3 h6 10. Nbd2 Be7 11. b4 Bg5 12. Re1 Qf6 13. Nf1 Rd8 14. Bxg5 hxg5
15. Ne3 g4 16. Nd5 Qd6 17. c4 Nxb4 18. c5 Qxc5 19. Rc1 Qa5 20. Nxc7+ Ke7 21.
Qd2 Qxa4 22. Qg5+ f6 23. Qxg6 Kf8 24. Red1 Rc8 25. Rd6 Rxc7 26. Rxc7 Rh6 27.
Rxf6+ gxf6 28. Qxh6+ Ke7 29. Ne1 Qd1 30. Qe3 Qd4 31. Qxd4 exd4 32. Rxb7 Nxa2
33. h4 gxh3 34. gxh3 Nc3 35. f3 Ne2+ 36. Kf2 Nf4 37. Kg3 Ne2+ 38. Kf2 Nf4 39.
h4 a5 40. Ra7 a4 41. Ng2 Nd3+ 42. Ke2 Nc5 43. h5 Kf8 44. Nf4 Bb5+ 45. Kd1 Be8
46. h6 1-0

[Event "OLNN 1617 SSC Rostock - Königsspringer"]
[Site "?"]
[Date "2016.12.04"]
[Round "3.5"]
[White "Borgmeyer, Max"]
[Black "Mangold, Thomas"]
[Result "1-0"]
[WhiteElo "2218"]
[BlackElo "1985"]
[PlyCount "47"]
[EventDate "2016.??.??"]

1. e4 e5 2. Nf3 Nc6 3. d4 exd4 4. Nxd4 Nf6 5. Nxc6 bxc6 6. e5 Qe7 7. Qe2 Nd5 8.
c4 Ba6 9. b3 g6 10. f4 Bg7 11. Qf2 Nf6 12. Be2 Ne4 13. Qe3 d5 14. cxd5 Qb4+ 15.
Nd2 Bxe2 16. Qxe4 Qc3 17. Kxe2 Qxa1 18. Qb4 Qxa2 19. Ba3 O-O-O 20. dxc6 Rxd2+
21. Ke3 Rd6 22. Qb7+ Kd8 23. e6 Be5 24. fxe5 1-0

[Event "OLNN 1617 SSC Rostock - Königsspringer"]
[Site "?"]
[Date "2016.12.04"]
[Round "3.6"]
[White "Engel, Gunnar"]
[Black "Dettmann, Steffen"]
[Result "1/2-1/2"]
[WhiteElo "2064"]
[BlackElo "2201"]
[PlyCount "44"]
[EventDate "2016.??.??"]

1. d4 d5 2. c4 e6 3. Nf3 Be7 4. g3 Nf6 5. Bg2 O-O 6. O-O dxc4 7. Qc2 a6 8. a4
Nc6 9. Qxc4 Nb4 10. Bf4 Nfd5 11. Nc3 c6 12. Ne4 Nxf4 13. gxf4 Qd5 14. Nfd2 Qxc4
15. Nxc4 Nd5 16. e3 Rb8 17. Rfc1 Rd8 18. a5 Bd7 19. Ne5 f6 20. Nd3 Be8 21. Nec5
Bf7 22. Bh3 Nc7 1/2-1/2

[Event "OLNN 1617 SSC Rostock - Königsspringer"]
[Site "?"]
[Date "2016.12.04"]
[Round "3.7"]
[White "Lock, Adrian"]
[Black "Celmer, Ole"]
[Result "1-0"]
[WhiteElo "2060"]
[BlackElo "1931"]
[PlyCount "85"]
[EventDate "2016.??.??"]

1. e4 e5 2. Nf3 Nc6 3. Bc4 Bc5 4. d3 Nf6 5. c3 a6 6. Bb3 Ba7 7. Be3 d6 8. Nbd2
O-O 9. Nf1 Ne7 10. Ng3 Ng6 11. O-O c6 12. d4 Qe7 13. Re1 h6 14. Nf5 Qc7 15.
dxe5 dxe5 16. Qd6 Qxd6 17. Nxd6 Bxe3 18. Rxe3 Ne8 19. Rd1 Nxd6 20. Rxd6 Kh7 21.
Kf1 Bg4 22. Nd2 Rad8 23. Red3 Rxd6 24. Rxd6 f6 25. f3 Bc8 26. g3 Ne7 27. Ke2 c5
28. Nc4 b5 29. Nb6 a5 30. Bd5 b4 31. c4 h5 32. Nd7 Rh8 33. Nxc5 Kg6 34. Nd7
Bxd7 35. Rxd7 Nxd5 36. exd5 h4 37. g4 Re8 38. Ke3 Rc8 39. b3 Rc5 40. Ke4 Rc8
41. d6 a4 42. Rc7 axb3 43. axb3 1-0

[Event "OLNN 1617 SSC Rostock - Königsspringer"]
[Site "?"]
[Date "2016.12.04"]
[Round "3.8"]
[White "Hodl, Ingolf"]
[Black "Moehrmann, Marcus"]
[Result "0-1"]
[WhiteElo "1999"]
[BlackElo "2069"]
[PlyCount "56"]
[EventDate "2016.??.??"]

1. g3 Nf6 2. Bg2 g6 3. Nf3 Bg7 4. O-O O-O 5. d3 d5 6. Nbd2 Nbd7 7. e4 dxe4 8.
dxe4 e5 9. c3 b6 10. Qc2 Bb7 11. Re1 Re8 12. b4 a5 13. Bb2 c5 14. b5 Qe7 15.
Bh3 Rad8 16. Nc4 Bh6 17. Rad1 Nxe4 18. Rxe4 f5 19. Rxe5 Nxe5 20. Nfxe5 Bg7 21.
f4 Qe6 22. a4 Bd5 23. Nc6 Bxc6 24. bxc6 Qxc4 25. c7 Rxd1+ 26. Qxd1 Bxc3 27.
Bxc3 Qxc3 28. Qd8 Qd4+ 0-1

[Event "OLNN 1617 FC St. Pauli - SK Marmstorf"]
[Site "?"]
[Date "2016.12.04"]
[Round "3.1"]
[White "Hebbinghaus, Holger"]
[Black "Feuerstack, Aljoscha"]
[Result "0-1"]
[WhiteElo "2261"]
[BlackElo "2444"]
[PlyCount "124"]
[EventDate "2016.??.??"]

1. d4 d5 2. Bf4 Nf6 3. e3 c5 4. c3 Nc6 5. Nd2 Bf5 6. Qb3 Qd7 7. Ngf3 c4 8. Qd1
e6 9. Be2 Be7 10. Ne5 Nxe5 11. Bxe5 h6 12. O-O O-O 13. Re1 Rfc8 14. Bxf6 Bxf6
15. e4 dxe4 16. Nxc4 b5 17. Ne3 b4 18. Qd2 Rab8 19. Red1 bxc3 20. bxc3 Qc7 21.
Ba6 Rd8 22. Be2 Bg5 23. Rab1 Bg6 24. Rb3 f5 25. Qb2 h5 26. Nc4 Bf6 27. Rb1 Rxb3
28. Qxb3 Kh7 29. Qb7 Rd7 30. Qxc7 Rxc7 31. g3 h4 32. Rb3 Be8 33. Nd6 Bc6 34.
Nb5 Rb7 35. Bc4 Be7 36. Bxe6 Rxb5 37. Rxb5 Bxb5 38. Bxf5+ g6 39. Bxe4 Ba3 40.
Bd5 Bb2 41. c4 Ba6 42. Kg2 Bxd4 43. f4 Kg7 44. g4 Kf6 45. h3 Ke7 46. Kf3 Kd6
47. Ke4 Kc5 48. Kd3 Bb2 49. Kc2 Bg7 50. Kd3 Bb2 51. Kc2 Ba3 52. Kd3 Bc1 53. f5
gxf5 54. gxf5 Bb2 55. Kc2 Bf6 56. Kd3 Kb4 57. Be6 Bb7 58. Bd5 Bxd5 59. cxd5 Kc5
60. Ke4 Kd6 61. a3 Kc5 62. a4 a5 0-1

[Event "OLNN 1617 FC St. Pauli - SK Marmstorf"]
[Site "?"]
[Date "2016.12.04"]
[Round "3.2"]
[White "Voigt, Martin"]
[Black "Hawellek, Jeronimo"]
[Result "1-0"]
[WhiteElo "2339"]
[BlackElo "2350"]
[PlyCount "74"]
[EventDate "2016.??.??"]

1. e4 Nc6 2. d4 d5 3. Nc3 e5 4. Nxd5 Nxd4 5. Bc4 c6 6. Ne3 Nf6 7. c3 Ne6 8.
Qxd8+ Nxd8 9. f3 Be6 10. a4 Nd7 11. Kd1 f6 12. a5 Bc5 13. Bxe6 Nxe6 14. b4 Be7
15. Ne2 Kf7 16. g4 b5 17. a6 Nb6 18. Kc2 h5 19. gxh5 Rxh5 20. h4 Rah8 21. Nf5
g6 22. Nxe7 Kxe7 23. Be3 Nc8 24. Bf2 Nf4 25. Nxf4 exf4 26. Rhd1 Rd8 27. Bc5+
Ke8 28. Rxd8+ Kxd8 29. Rg1 g5 30. e5 gxh4 31. exf6 Ke8 32. Rg8+ Kf7 33. Rxc8 h3
34. Rf8+ Ke6 35. Re8+ Kxf6 36. Re1 Rh7 37. Rh1 h2 1-0

[Event "OLNN 1617 FC St. Pauli - SK Marmstorf"]
[Site "?"]
[Date "2016.12.04"]
[Round "3.3"]
[White "Mueller, Tobias"]
[Black "Krause, Jonah"]
[Result "0-1"]
[WhiteElo "2130"]
[BlackElo "2300"]
[PlyCount "120"]
[EventDate "2016.??.??"]

1. c4 Nf6 2. g3 g6 3. Bg2 Bg7 4. Nc3 O-O 5. e4 d6 6. Nge2 c5 7. O-O Nc6 8. d3
a6 9. f4 Ne8 10. f5 Nc7 11. a4 e6 12. fxg6 fxg6 13. Rb1 Rxf1+ 14. Qxf1 Bd7 15.
h3 Qe7 16. Be3 Rf8 17. Qd1 Rf7 18. Kh1 Be5 19. Qg1 Ne8 20. Nd1 a5 21. Nf2 Bg7
22. b3 Qf8 23. Ng4 Nf6 24. Nxf6+ Bxf6 25. Rf1 Be5 26. Rxf7 Qxf7 27. Qf2 Nb4 28.
d4 Qxf2 29. Bxf2 cxd4 30. Nxd4 Nd3 31. Be3 Bxg3 32. Ne2 Be5 33. Nc1 Nc5 34.
Bxc5 dxc5 35. Nd3 Bd4 36. e5 b6 37. Be4 g5 38. Kg2 Be8 39. h4 h6 40. hxg5 hxg5
41. Kg3 Bh5 42. Bf3 Bg6 43. Be2 Kg7 44. Bf1 Bh5 45. Bh3 Be2 46. Nc1 Bxe5+ 47.
Kf2 Bd1 48. Bxe6 Bf4 49. Ke1 Bc2 50. Ne2 Bxb3 51. Nc3 Kf6 52. Bg8 Ke5 53. Ke2
g4 54. Bd5 Bc1 55. Kd3 Bb2 56. Nb5 Bxa4 57. Nc7 Bd7 58. Na8 b5 59. Nb6 Bf5+ 60.
Ke2 b4 0-1

[Event "OLNN 1617 FC St. Pauli - SK Marmstorf"]
[Site "?"]
[Date "2016.12.04"]
[Round "3.4"]
[White "Breyther, Ruediger"]
[Black "Ramme, Christoph"]
[Result "1/2-1/2"]
[WhiteElo "2259"]
[BlackElo "2139"]
[PlyCount "59"]
[EventDate "2016.??.??"]

1. e4 e5 2. Nf3 Nc6 3. Bc4 Bc5 4. O-O Nf6 5. d3 d6 6. c3 O-O 7. Bb3 Bb6 8. Nbd2
Ne7 9. Nc4 Ng6 10. a4 c6 11. Nxb6 Qxb6 12. Be3 Qc7 13. h3 Qe7 14. Nd2 Be6 15.
Bc2 d5 16. Qf3 Nd7 17. Bb3 dxe4 18. dxe4 Nc5 19. Bc2 Rfd8 20. Rfd1 Nd3 21. Bxd3
Rxd3 22. Qe2 Rad8 23. Nf3 Bc4 24. Qe1 b6 25. Rxd3 Rxd3 26. Rd1 Qd6 27. Rxd3
Qxd3 28. Nd2 Be6 29. Qf1 Qxf1+ 30. Kxf1 {(=)} 1/2-1/2